000 00507nam a2200169 i 4500
001 64624
003 ES-MaACL
005 20230906165155.0
007 t|
008 031230s1958 sp ||||1| spa d
100 1 _aFord, Leslie.
_951708
245 1 0 _aCrimen con hospitalidad sureña /
_cleslie Ford ; [versión española de Alfredo Crespo].
260 _aBarcelona :
_bG.P.,
_c[1958] (
_fGuada)
300 _a160 p. ;
_c17 cm.
700 1 _aCrespo, Alfredo.
_941511
852 _aES-MaACL
_jC-17325
_bR.43766
999 _c64624
_d64624